Rozdrobenosť pozemkov a vlastníctva v historických súvislostiach

Gespeichert in:
Bibliographische Detailangaben
1. Verfasser: Drdáková, Kristína (Verfasst von)
Weitere Verfasser: Hudecová, Ľubica (Betreuung Doktorarbeit)
Format: Manuskript Buch
Sprache:Slowakisch
Veröffentlicht: 2023
Schlagworte:
Online-Zugang:http://is.stuba.sk/zp/portal_zp.pl?podrobnosti=161641
https://opac.crzp.sk/?fn=detailBiblioForm&sid=5F1CDE603F7696E938FC986C99BA
Tags: Tag hinzufügen
Keine Tags, Fügen Sie das erste Tag hinzu!

MARC

LEADER 00000ntm a22000003a 4500
001 stuzp94188
003 SK-STU
005 20230918144742.4
007 ta
008 150427s2015----xo-----f-mn---000-0-slo-d
040 |a STU  |b slo 
041 0 |a slo 
100 1 |a Drdáková, Kristína  |u 010140  |4 aut  |U SvF Stavebná fakulta  |T SvF Katedra geodézie  |X 109921  |U V140  |Y 14  |7 109921 
242 0 1 |a Fragmentation of land and ownership in historical contexts  |y eng 
245 1 0 |a Rozdrobenosť pozemkov a vlastníctva v historických súvislostiach 
260 |c 2023 
650 4 |a Rozdrobenosť  |2 slo 
650 4 |a vlastníctvo  |2 slo 
650 4 |a pozemok  |2 slo 
650 4 |a výmera  |2 slo 
650 4 |a spoluvlastnícky podiel  |2 slo 
650 4 |a Fragmentation  |2 eng 
650 4 |a ownership  |2 eng 
650 4 |a land  |2 eng 
650 4 |a acreage  |2 eng 
650 4 |a co-ownership share  |2 eng 
700 1 |a Hudecová, Ľubica  |u 010140  |k Z1  |4 ths  |U SvF Stavebná fakulta  |T SvF Katedra geodézie  |X 1662  |U V140  |Y 14  |7 A000001662 
856 4 |u http://is.stuba.sk/zp/portal_zp.pl?podrobnosti=161641 
856 4 |u https://opac.crzp.sk/?fn=detailBiblioForm&sid=5F1CDE603F7696E938FC986C99BA